000 01217nam a22002897a 4500
001 BD-DhSAU 8456
003 BD-DhSAU
005 20220309123310.0
008 150420b2007 bg ||||| m||| 000 0 eng d
040 _aBD-DhSAU
082 _222
_a....
_b....
100 _aRahman, Md Maksuder
_eRegistration # 06-02177
245 _aStudy genetic parameters and the association of yield components of some exotic germplam of Taossa Jute (Carchorus olitorius L.)/
_bMS thesis
260 _aSher-e-Bangla Agricultural Universities :
_bDepartment of Genetics and Plant Breeding,
_c2007.
300 _avii, 55 p. ;
_c30 cm.
_bill. ;
500 _aMS thesis of Department of Genetics and Plant Breeding, Faculty of Agriculture, Sher-e-Bangla Agricultural University, Dhaka, Bangladesh
590 _aerfat
650 _aGenetics and Plant Breeding.
650 _aStudy genetic parameters.
650 _aYield components of some exotic germplam.
650 _aTaossa Jute.
650 _aBrassica Rapa.
700 _aAli, M Abbas
_eSuperviser
700 _aBhuiyan, Md Shahidur Rashid
_eCo-superviser
856 _uhttp://archive.saulibrary.edu.bd:8080/xmlui/handle/123456789/617
942 _2ddc
_cTHESIS
999 _c8456
_d8456